The Waite Group's MS-DOS developer's guide
Αποθηκεύτηκε σε:
| Συγγραφή απο Οργανισμό/Αρχή: | |
|---|---|
| Άλλοι συγγραφείς: | |
| Μορφή: | Βιβλίο |
| Γλώσσα: | English |
| Δημοσίευση: |
Indianapolis, Ind., USA :
H.W. Sams,
c1989.
|
| Έκδοση: | 2nd ed. |
| Θέματα: | |
| Ετικέτες: |
Προσθήκη ετικέτας
Δεν υπάρχουν, Καταχωρήστε ετικέτα πρώτοι!
|
MARC
| LEADER | 00000cam a2200000 i 4500 | ||
|---|---|---|---|
| 001 | 1/48632 | ||
| 008 | 980710s1989 inu| ||| |||| ||eng|| | ||
| 020 | |a 0672226308 | ||
| 035 | |l 10043390 | ||
| 040 | |a GR-MyUa |b gre |e AACR2 | ||
| 041 | 0 | |a eng | |
| 082 | 7 | |a 005.43 |2 (22) | |
| 245 | 1 | 4 | |a The Waite Group's MS-DOS developer's guide / |c John Angermeyer ... [et al.]. |
| 246 | 1 | |i Άλλες παραλλαγές του τίτλου: |a MS-DOS developer's guide | |
| 250 | |a 2nd ed. | ||
| 260 | |a Indianapolis, Ind., USA : |b H.W. Sams, |c c1989. | ||
| 300 | |a xxviii, 783 σ. : |b εικ. ; |c 25 εκ. | ||
| 500 | |a Revised ed. of: MS-DOS developer's guide / John Angermeyer. | ||
| 500 | |a "Compatible with MS-DOS version 4.0"--Cover. | ||
| 500 | |a One fold-out "quick reference card" at the end of book. | ||
| 500 | |a Περιλαμβάνει ευρετήριο. | ||
| 630 | 0 | 0 | |a MS-DOS (Computer file) |
| 700 | 1 | |a Angermeyer, John. | |
| 710 | 2 | |a Waite Group. | |
| 852 | |a INST |b SAMOS |e 19980710 |h 005.43 WAI |p 005300008852 |q 005300008852 |t BK |y 0 | ||
| 901 | |a BIBL-1998-2 | ||
| 922 | |a 3ΕΛΗ |b 199707 |c ΔΩΡ |d ΤΖΑΦΕΡΗΣ | ||